000 01042nam a22003257a 4500
003 CHAP
005 20220329135832.0
008 971013s r 00010 d
010 _a43004
011 _a43976
035 _a48114
040 _cCHAP
090 _aFolleto 7416
110 _aMéxico. Dirección General para el Desarrollo Agroindustrial
_977057
245 _aFrutas
_b: envasadas en almíbar fabricación
260 _a(s.l. :
_bs.e.),
_c(s.a.)
300 _as.p.
490 _aProcesos agroindustriales
_v; 32
500 _aHoja desplegable
590 _aBATCH-UPD
_b10
_c20130110
_lUCH01
_h2021
590 _aBATCH-UPD
_b10
_c20130410
_lUCH01
_h1339
590 _aBATCH-UPD
_b10
_c20130914
_lUCH01
_h1449
590 _aCONVERSION
_b10
_c20130109
_lUCH01
_h1324
650 1 4 _aFruta
_xPreservación.
_943652
830 0 _aProcesos agroindustriales
_v; 32
_991824
901 _aBK
942 _cFOLL
949 _aFolleto 7416
_bBC
_cFOLL
_d-109173
_eTS1
_i48114
_si
949 _aFolleto 7416
_bBC
_cFOLL
_d-109174
_eTS2
_fc.2
_i48114
_si
999 _c43004
_d43004